000 00393nam a2200145Ia 4500
008 230711s9999||||xx |||||||||||||| ||und||
041 _aENG
082 _a658
_bBH-I
100 _aBhargave,Rakesh
245 0 _aHow to save income tax with planned package retired employ
250 _a1st
260 _c1991
_aNew Delhi
_bTech-Max-Book House
650 _aUNIVESITY BUSNIESS SCHOOL
942 _cBK
999 _c1473
_d1473